Loading...
| Fine Arts - Other | 1 | 0.00 | 0% | 0% | 0% |
| Fine Arts - Visual | 3 | 23.33 | 267% | 200% | 133% |
| History - American | 1 | 10.00 | 400% | 0% | 0% |
| History - European | 1 | 10.00 | 400% | 0% | 0% |
| History - Other | 1 | 10.00 | 400% | 0% | 0% |
| History - World | 1 | 10.00 | 0% | 200% | 0% |
| Literature - British | 1 | 10.00 | 0% | 0% | 200% |
| Literature - European | 1 | 10.00 | 0% | 200% | 0% |
| Mythology | 1 | 10.00 | 0% | 200% | 0% |
| Philosophy | 1 | 10.00 | 0% | 0% | 200% |
| Pop Culture | 1 | 20.00 | 400% | 200% | 0% |
| Religion | 1 | 10.00 | 0% | 0% | 200% |
| Science - Biology | 1 | 10.00 | 0% | 0% | 200% |
| Science - Chemistry | 3 | 16.67 | 267% | 67% | 133% |
| Science - Other | 1 | 0.00 | 0% | 0% | 0% |
| Science - Physics | 1 | 20.00 | 400% | 0% | 200% |
| Social Science | 2 | 10.00 | 0% | 0% | 200% |